Southville International School and Colleges
Your cart is empty.
  • Cart
  • Lists
    Public lists Eva Luna New books Lux_list list_1
    Your lists Log in to create your own lists
  • Log in to your account
  • Your cookies
  • Search history
Southville International School and Colleges
  • Advanced search
  • Recent comments
  • Most popular
  • Libraries

Log in to your account

Log in with GOOGLE


If you do not have an external account, but do have a local account, you can still log in:

  1. Home
  2. MARC view: Aladdin and the magic lamp /
Normal view MARC view ISBD view

Aladdin and the magic lamp / (Record no. 111041)

[ view plain ]
MARC details
000 -LEADER
fixed length control field 00535nam a2200193 a 4500
001 - CONTROL NUMBER
control field 0063
005 - DATE AND TIME OF LATEST TRANSACTION
control field 20140414131908.0
008 - FIXED-LENGTH DATA ELEMENTS--GENERAL INFORMATION
fixed length control field 040202s19uu xx 00 eng d
020 ## - INTERNATIONAL STANDARD BOOK NUMBER
International Standard Book Number 2-89429-662-2
050 ## - LIBRARY OF CONGRESS CALL NUMBER
Classification number ER
Item number Al1 1995
100 ## - MAIN ENTRY--PERSONAL NAME
Personal name Krenz, Carol
245 ## - TITLE STATEMENT
Title Aladdin and the magic lamp /
Statement of responsibility, etc Carol Krenz.
260 ## - PUBLICATION, DISTRIBUTION, ETC. (IMPRINT)
Place of publication, distribution, etc Montreal, Canada :
Name of publisher, distributor, etc Tormont,
Date of publication, distribution, etc 1995.
300 ## - PHYSICAL DESCRIPTION
Extent 61 p. : ill. ; cm.
500 ## - GENERAL NOTE
General note Includes: Ali Baba and the Forty Thieves
650 ## - SUBJECT ADDED ENTRY--TOPICAL TERM
Topical term or geographic name as entry element Fairy tales.
650 ## - SUBJECT ADDED ENTRY--TOPICAL TERM
Topical term or geographic name as entry element Children stories.
Holdings
Withdrawn status Lost status Damaged status Use restrictions Home library Current library Shelving location Date acquired Source of acquisition Total Checkouts Full call number Barcode Date last seen Price effective from Koha item type
        Munich Library Munich Library Easy Reading Section 08/10/2005     ER Al1 1995 M1596 04/14/2014 04/14/2014 Books

Aladdin and the magic lamp /

APA

Krenz C., . (1995). Aladdin and the magic lamp. Montreal, Canada: Tormont.

Chicago

Krenz Carol, . 1995. Aladdin and the magic lamp. Montreal, Canada: Tormont.

Harvard

Krenz C., . (1995). Aladdin and the magic lamp. Montreal, Canada: Tormont.

MLA

Krenz Carol, . Aladdin and the magic lamp. Montreal, Canada: Tormont. 1995.

  • Place hold
  • Print
  • Cite
  • Add to your cart (remove)
  • Save record
    BIBTEX Dublin Core MARCXML MARC (non-Unicode/MARC-8) MARC (Unicode/UTF-8) MARC (Unicode/UTF-8, Standard) MODS (XML) RIS
  • More searches
    Search for this title in:
    Other Libraries (WorldCat) Other Databases (Google Scholar) Online Stores (Bookfinder.com) Open Library (openlibrary.org)

Exporting to Dublin Core...

SOUTHVILLE LIBRARY

Southville International School and Colleges Library

1281 Tropical Ave. Cor. Luxembourg St., BF Homes International, Las Pinas City

Tel. No. 8256374 / 252358 Loc. 117/146

Powered by Koha